[Event "ARG-ch"]
[Site "Buenos Aires"]
[Date "1998.04.30"]
[Round "14"]
[White "Malbran, Guillermo"]
[Black "Sorokin, Maxim"]
[Result "0-1"]
[WhiteElo "2355"]
[BlackElo "2555"]
[Annotator "Har Zvi,R"]
[PlyCount "80"]
[EventDate "1998.04.15"]
[EventType "tourn"]
[EventRounds "15"]
[EventCountry "ARG"]
[EventCategory "9"]
[SourceTitle "CBM 065"]
[Source "ChessBase"]
[SourceDate "1998.08.06"]
[SourceVersion "1"]
[SourceVersionDate "1998.08.06"]
[SourceQuality "1"]

1. e4 c5 2. Nf3 d6 3. Bb5+ Nd7 4. O-O Ngf6 5. d4 $6 $146 {a novelty,the main
move is of course 5.Re1,white is willing to give a very important pawn the
"e4" one for some attack,according to this game he should think another time
since black simply took the pawn,kept it and won easily in the endgame} (5. e5
dxe5 6. Nxe5 a6 7. Nxd7 (7. Bxd7+ Nxd7 8. d4 cxd4 9. Qxd4 f6 10. Nc4 e6 11. Nc3
Bc5 12. Nd6+ Bxd6 13. Qxd6 Qe7 14. Ne4 f5 15. Bg5 Nf6 16. Nxf6+ gxf6 17. Qxe7+
Kxe7 18. Be3 Bd7 19. Rfd1 Bc6 20. f3 Rac8 21. c4 Rhd8 {1/2-1/2 Mantovani,
R-Gallagher,J/SWZ-chT 1991/EXT 97}) 7... Nxd7 8. Be2 e6 9. d4 Be7 10. dxc5 Qc7
11. Nc3 Nxc5 12. Bf3 O-O 13. Qe2 Bd7 14. Nd5 exd5 15. Qxe7 Rfe8 16. Qg5 d4 17.
Qf4 (17. Bf4 $6 Ne6 $1 18. Bxc7 Nxg5) 17... Qxf4 18. Bxf4 Rac8 $13 {1/2-1/2
Myagmarsuren,L-Pytel,K/Nice olm 1974/MCD-ol (42)}) (5. Nc3 e6 6. d4 cxd4 7.
Qxd4 Be7 8. Bg5 O-O 9. Rad1 Qc7 10. Bxd7 Bxd7 11. Bxf6 gxf6 12. Qe3 Kh8 13. Nd4
a6 14. f4 $14 {0-1 Szell,L-Hausner,I/Zamardi op 1980/MCD-op (35)}) 5... Nxe4 6.
Re1 Nef6 7. Bg5 (7. dxc5 dxc5 8. Bg5 a6 {transposes to the game few moves later
}) 7... a6 8. Bxd7+ Bxd7 9. Bxf6 gxf6 10. Nc3 e6 11. dxc5 dxc5 {black played
the simplest move after he took the pawn,he simply wants to play now Bc6
followed by Qc7 and then Bg7 with 0-0 or immediately 0-0-0,if black manages to
play so white in fact is losing one pawn down when your opponent has pair of
bishop,white try to do something to prevent it not with big seccess} 12. Nh4 h5
$1 {preventing Qh5.h5 is a typical move in Sicilian opening just to prevent
white's Queen or sometimes bishop going there and putting permanent pressure
on the "f7" pawn} 13. Nd5 (13. Ne4 $5 Bc6 14. Qf3 (14. Qxd8+ Kxd8 $17 15. Nxf6
$4 Be7 {[%csl Rf6,Rh4][%cal Ge7h4]}) 14... Bxe4 (14... Be7 $2 15. Rad1 {
[%csl Rf6]}) 15. Rxe4 Be7 16. Rae1 $44 {[%cal Gh4f5]}) 13... Bc6 14. c4 Bg7 15.
Nf5 $2 {a very big mistake,after it white is really doomed to suffer in a
terrible endgame.white must understand he should change pieces and of course
not simplify the position at this moment which is exactely what did wit 15.Nf5,
15.Qe2 was an interesting move which keeps white initiative} (15. Qe2 $5 O-O (
15... Kf8 16. Nf4 $36 {[%csl Re6,Rh5]}) (15... Bxd5 $2 16. Rad1 $36) 16. Ne3 $2
{this is not the way to play,white should go forward not backward} (16. Qxh5 $1
exd5 17. Nf5 Re8 (17... Bd7 $4 18. Ne7+) 18. Qg4 Rxe1+ 19. Rxe1 Qf8 20. Ne7+
$36 {when white has atleast draw here}) 16... f5 17. Qxh5 Bxb2 18. Rad1 Qf6 $17
) 15... Kf8 16. Nxg7 Kxg7 17. Nf4 Qxd1 18. Raxd1 h4 $1 $17 {now it's sad story
for white,black is a pawn up,with a better bishop than white knight,when 18...
h4 is a strong move preventing white from playing h4 fixing a weak pawn on h5,
and also by h4 black gives white a weak "g2" pawn} 19. Rd3 (19. Rd6 Rhd8 (19...
Rad8 $2 20. Rexe6 $1 Rhe8 21. Kf1 $11) (19... Kf8 $5) 20. Rexe6 (20. Red1 Rxd6
21. Rxd6 Kf8 $17) 20... Kf8 21. Rxd8+ Rxd8 22. Re1 Rd2 $17) 19... Rad8 (19...
Rhd8 $5) 20. Red1 Rd4 $1 {[%csl Rc4,Rf4]} 21. Rxd4 (21. g3 Rxc4) 21... cxd4 22.
Nd3 h3 $1 (22... e5 $5) 23. Nb4 (23. g3 Bf3 24. Rd2 e5 $17) 23... Bxg2 24. Rxd4
f5 {[%cal Gg7f6,Gh8g8]} 25. Nd3 Kf6 26. f4 (26. Nf4 Be4 27. Kf1 Rh4 28. Ne2 Rg4
$19 {[%csl Gh3][%cal Gg4g2]}) 26... Rg8 27. Kf2 Bc6 28. Ne1 Rg4 $19 {[%csl Rf4,
Rh2][%cal Gc6e4]} 29. b3 Be4 30. Ke3 Rg1 31. Nf3 Rg2 32. Rd7 Bc6 $1 33. Rc7
Rxa2 34. Ng5 (34. Ne5 Be8) 34... Rxh2 35. Rxf7+ Kg6 36. Re7 Rb2 37. Rxe6+ Kg7
38. Re7+ Kf8 39. Rh7 h2 40. Rh8+ Kg7 0-1

[Event "EU-Cup 13th final"]
[Site "Kazan"]
[Date "1997.12.30"]
[Round "3"]
[White "Rublevsky, Sergei"]
[Black "Akhmadeev, Vadim"]
[Result "1-0"]
[WhiteElo "2650"]
[BlackElo "2440"]
[Annotator "Har Zvi,R"]
[PlyCount "72"]
[EventDate "1997.12.28"]
[EventType "team-k.o."]
[EventRounds "4"]
[EventCountry "RUS"]
[SourceTitle "EXT 2020"]
[Source "ChessBase"]
[SourceDate "2019.10.17"]
[SourceVersion "1"]
[SourceVersionDate "2019.10.17"]
[SourceQuality "1"]
[WhiteTeam "Kazan Sberbank-Tatarstan"]
[BlackTeam "Kazan Sberbank-Tatarstan II"]
[WhiteTeamCountry "RUS"]
[BlackTeamCountry "RUS"]

1. e4 c5 2. Nf3 d6 3. Bb5+ Nd7 4. d4 cxd4 5. Qxd4 Ngf6 6. Bg5 a6 (6... e6 7.
Nc3 a6 (7... Be7 8. O-O-O (8. e5 dxe5 9. Nxe5 h6 10. Bxf6 Bxf6 11. O-O-O O-O
12. Bxd7 Bxd7 13. Ne4 Bxe5 14. Qxe5 Qe7 15. Qc7 Qb4 16. Nf6+ gxf6 17. Rxd7 $14
{/+/-} Rac8 18. Qg3+ Kh8 19. Rhd1 (19. Qe3 Kg7 20. Rd4 Qc5 21. Qd2 f5 22. g4
Kh7 23. Qd3 Rc7 24. gxf5 Qxf5 25. Qxf5+ exf5 26. Rhd1 Rg8 27. Rd7 Rxd7 28. Rxd7
Rg2 29. Rxb7 Rxf2 30. c4 Rxh2 31. c5 Re2 32. c6 Re6 33. c7 Rc6+ 34. Kd2 a5 35.
Ke3 h5 36. Kd4 h4 37. Kd5 Rc2 38. Kd6 {1-0 Rublevsky,S-Predein,V/Kurgan 1993/
EXP 38}) 19... Qe4 20. c3 b5 21. R7d4 Qf5 22. Qe3 Kh7 23. Rf4 Qg5 24. h4 Qg6
25. Qf3 f5 26. g4 Rfd8 27. gxf5 Rxd1+ 28. Kxd1 exf5 29. Rxf5 Rc7 30. h5 Qe6 31.
Rxb5 Rd7+ 32. Kc2 Kg7 33. Qg3+ Kh7 34. Qe5 Qc6 35. Qf5+ Kg7 36. Qg4+ Kf6 37.
Rf5+ Ke7 38. Qb4+ Ke6 39. Qf4 Ke7 {1-0 Vasiukov,E-Beliavsky,A/Vilnius zt 1975/
MCL 05}) 8... O-O 9. Rhe1 Qa5 10. Bxd7 Bxd7 11. Bxf6 gxf6 12. e5 fxe5 13. Nxe5
$36 {Dvorietzky,M-Scholseth,T/Saint John/1988/0|1/32/}) 8. Bxd7+ Bxd7 9. O-O-O
h6 (9... Be7 10. e5 dxe5 11. Nxe5 Bc6 12. Nxc6 bxc6 13. Bxf6 Bxf6 14. Qc5 Qc8
15. Ne4 Be7 16. Nd6+ Bxd6 17. Rxd6 O-O 18. Qxc6 $18 {Gurgenidze,B-Gufeld,E/
Tbilisi/1969/1|0/23/}) 10. Bh4 Be7 11. Rhe1 $6 (11. e5 $5) 11... Qc7 12. e5
dxe5 13. Nxe5 Rd8 $1 14. Bg3 Qc8 (14... Qc5 $5) 15. Qe3 O-O 16. Qf3 Bc6 (16...
b5 17. Bh4 $36) 17. Nxc6 Qxc6 18. Qxc6 bxc6 19. Na4 $14 {1-0 Rublevsky,S-Ruban,
V/Novosibirsk 1995/CBM 50/[Chekhov] (39)}) 7. Bxd7+ Bxd7 (7... Nxd7 8. Nc3 h6
9. Bh4 Qb6 10. O-O-O Qxd4 11. Nxd4 e6 12. Bg3 b5 13. a3 Nb6 14. Nb3 Nc4 15. Nd2
Na5 16. Nb3 {1/2-1/2 Hazai,L-Barczay,L/HUN-ch 1976/MCD-ch}) 8. O-O (8. Nc3 h6
9. Bxf6 gxf6 10. Nd5 Rg8 11. O-O Rc8 12. c4 Bg7 13. Rac1 e6 14. Nb6 Rc6 15.
Nxd7 Qxd7 16. Qe3 $14 {[%csl Rd6,Re8,Rg7] 1-0 Ansell,S-McShane,L/Witley 1996/
EXT 97 (65) /+/-}) 8... h6 9. Bxf6 gxf6 10. Nc3 e6 {a standard position
position for this variation black has double pawns on the "f" file and enjoyes
the pair of bishops and the open "g" file while white's plan is to put
pressure on the "e6" pawn with quite simple plan f4-f5 puttingn the Queen on
"h3" or maybe "b3" and then trying to bring the other knights to put pressure
on "e6" from "d4" and "f4' quite a long plan but that's simply what white is
going to play here} 11. Rad1 Be7 (11... Rc8) 12. Qd3 {the knight is going to
"d4"} Rc8 13. Nd4 Rc5 14. Kh1 $1 {just a good move,not having the King on both
the "g" file and the a7-g1 diagonal} (14. f4 $6 Qb6 $1 {[%csl Rb2][%cal Gb6g1,
Ge6e5] black is threatening now both "e5" and Qxb2}) 14... Rg5 (14... Qb6 $5)
15. f4 Rg7 16. f5 Rhg8 17. Rd2 Qc8 18. Qh3 $14 {white has managed to play his
plan,he only needs to finish it's last part bringing the "c3" knight to "f4"}
Rh7 (18... Qc4 $5 19. Rfd1 e5 20. Nb3 Bc6 21. a3 $1 (21. Na5 Qb4 22. Nb3 (22.
Nxc6 bxc6 23. Qd3 Qb6) 22... Qc4 23. a3) 21... Bxe4 22. Na5) 19. Nce2 {
threatening fxe6 followed by Nf4} e5 (19... Rhg7 $5 20. Ng3 (20. fxe6 fxe6 (
20... Bxe6 21. Nxe6 fxe6 (21... Qxe6 22. Qf3 $16) 22. Nf4 $36) 21. Qh5+ Kd8 22.
Qa5+ Ke8 23. Qh5+ Kd8 $11) 20... Rh7) 20. Nb3 h5 21. Nc3 $16 {white has
achived his goal,he has the "d5" sqaure for his knight and you can look at
black's bishop and see what they worth} Bc6 22. Qf3 Rg4 23. Rfd1 b6 (23... Rhg7
$5) 24. Qe3 Qb7 (24... Qc7) 25. Nd5 Bxd5 26. Rxd5 $16 {/+-} Rhg7 27. R1d2 Qc6
28. Qd3 R7g5 (28... b5 29. Na5 Qc7 30. b4 {[%cal Gc2c4]}) (28... Qb7 29. c3 {
[%cal Gb3a1,Ga1c2,Gc2e3]}) 29. h3 $1 $18 Rg3 (29... Rf4 30. g3 $18 {[%csl Rf4]}
) (29... Rh4 30. Kh2 Qa4 31. c4 (31. Re2 Rf4 32. Rxd6 $18) 31... b5 32. Rc2 $18
) 30. Qxa6 Re3 31. Na5 Qc7 32. Qa8+ Kd7 (32... Qd8 $8 33. Qa7 $1 (33. Qxd8+
Kxd8 34. Nc6+ Kd7 35. Nxe7 Kxe7 36. Rxd6 Rxe4 $16 {but of course black got
here much more than white should have given him}) 33... Qd7 (33... Re1+ 34. Kh2
bxa5 35. Rb5 $18 Qd7 36. Rb7) 34. Qxb6) 33. Nb7 Rxe4 34. Nxd6 Re1+ (34... Bxd6
35. Rxd6+ Qxd6 36. Qb7+) 35. Kh2 Bxd6 36. Rxd6+ Ke7 (36... Qxd6 37. Qb7+) (
36... Ke7 37. Rc6 {and mate is coming soom}) 1-0

[Event "FIDE-Wch k.o."]
[Site "Groningen"]
[Date "1997.12.12"]
[Round "2.2"]
[White "Sokolov, Andrei"]
[Black "Istratescu, Andrei"]
[Result "1-0"]
[WhiteElo "2585"]
[BlackElo "2550"]
[Annotator "Har Zvi,R"]
[PlyCount "77"]
[EventDate "1997.12.09"]
[EventType "k.o."]
[EventRounds "7"]
[EventCountry "NED"]
[SourceTitle "CBM 063"]
[Source "ChessBase"]
[SourceDate "1998.03.26"]
[SourceVersion "1"]
[SourceVersionDate "1998.03.26"]
[SourceQuality "1"]

1. e4 c5 2. Nf3 d6 3. Bb5+ Nd7 4. c3 Ngf6 5. d3 g6 (5... a6 6. Ba4 g6 7. O-O
Bg7 8. Bc2 O-O 9. a4 b6 10. d4 cxd4 11. cxd4 Bb7 12. Qe2 Rc8 13. Nc3 Rc7 14.
Re1 $14 {1/2-1/2 Fries Nielsen,J-Tisdall,J/Aarhus 1983/MCL 03 (30)}) 6. O-O Bg7
7. Re1 a6 8. Ba4 b5 (8... O-O 9. d4 b5 10. Bc2 Bb7 11. Bg5 h6 12. Bh4 Qc7 (
12... e5 13. Nbd2 (13. d5) 13... Qb6 14. Nf1 $6 cxd4 15. cxd4 exd4 16. Qxd4
Qxd4 17. Nxd4 Rfe8 $36 {0-1 Slipak,S-Quinteros,M/San Fernando op 1993/EXT 97 
(42) /-/+}) 13. Nbd2 e5 14. Nf1 exd4 15. cxd4 Rfe8 16. d5 c4 17. Rc1 Nc5 18.
N3d2 Qa5 19. a3 Nfd7 $36 {0-1 Ambroz,J-Gavrikov,V/Wuerzburg op 1991/EXT 91op 
(40)}) 9. Bc2 O-O 10. a4 Bb7 11. Na3 $146 {quite a strange move since after 11.
..b4 by black white simply went back with his knight I can not believe this
can be a good idea,but it's also not a bad one since the move "b4" gives the
control over "a4" and "c4" squares} (11. d4 e5 12. dxe5 (12. d5 c4 13. b3 cxb3
14. Bxb3 Nc5 15. Bc2 Nfd7 16. Na3 bxa4 17. Rb1 Qc7 18. c4 Bc8 19. Bd2 $14 {
1-0 Smagin,S-Popovic,P/Zenica 1989/EXT 89 (42)}) 12... dxe5 13. Na3 Bc6 14. Qd6
Qb6 15. Bg5 Rfe8 16. Qd2 Qb7 17. Qe2 c4 $17 {[%csl Ra3,Rd3,Re4][%cal Gd7c5]
0-1 Sumaneev,D-Ruban,V/RUS-ch 1995/CBM 50 (34)}) 11... b4 12. Nb1 (12. Nc4 d5
13. Ncd2 bxc3 14. bxc3 e5) (12. cxb4 cxb4 13. Nc4 d5 (13... a5) 14. exd5 Nxd5)
12... e5 $6 (12... a5 $5 13. d4 cxd4 14. cxd4 e5) 13. a5 $1 {quite a good move,
first of all fixing the "a6" pawn secondly opening quite an important diagonal
for white bishop the a4-e8 diagonal,and the third factor is taking some space
from black on the Queen's side} d5 (13... h6 $5) 14. Bg5 h6 15. Bh4 bxc3 (15...
Qc7 16. Nbd2) (15... c4 16. dxc4 (16. exd5 $2 b3 {[%csl Rc2]}) 16... g5 17. Bg3
Nxe4 (17... dxe4 18. Nxe5) 18. cxd5 Nxg3 19. hxg3 bxc3 20. Nxc3 f5 21. g4 $5 {
[%cal Gb1h7]} fxg4 22. Nd2 $36 {[%csl Ge4,Rg7]}) 16. Nxc3 (16. bxc3 c4 $1 17.
exd5 cxd3 18. Bxd3 (18. Qxd3 g5 19. Nxg5 (19. Bg3 e4 20. Rxe4 Nxe4 21. Qxe4 Nf6
) 19... hxg5 20. Bxg5 Bxd5) 18... Bxd5 19. Nxe5 Nxe5 20. Rxe5 g5 21. Bg3 Ne4
$17) 16... g5 17. Bg3 d4 18. Nb1 {unbelieveavle the second time the knight
comes back to "b1" the first one from "a3" the second one from "c3" but now
there is really a serious hole on "c4" and white next moves are quite obvious}
Ne8 $6 {white's idea is to play Nbd2-Nc4 black want to place his knight on
"d6" but white is not going to give him easy life} (18... Nh5 19. Nxe5 Nxe5 (
19... Nxg3 20. Nxd7 Qxd7 21. hxg3 $16) 20. Bxe5 Bxe5 21. Qxh5 $16) (18... Re8
19. Nbd2 $14) 19. Ba4 $1 $14 {[%csl Re5] /+/-} Qxa5 $6 {this leads by force to
a big advantage for white} (19... Nef6 20. Nxe5 (20. Nbd2 Re8 21. Nc4 Qc7 22.
Rc1 $36) 20... Nxe5 21. Bxe5 Qxa5 22. Nd2 $14 {/+/-}) (19... f6 $4 20. Qb3+ $18
) 20. Bxd7 $1 Qxa1 21. Qb3 $16 {[%csl Ra1]} Qa5 (21... Rd8 22. Qxb7 (22. Ba4
Bxe4 23. dxe4 (23. Na3 Bd5 24. Nc4 Qxe1+ 25. Nxe1 Nd6) 23... c4 24. Qxc4 Qxb2)
22... Nf6 23. Na3 Rb8 24. Qxa6 Qxb2 25. Nc4 $18) 22. Qxb7 Nf6 (22... Rd8 23.
Rc1 $18) 23. Nbd2 (23. Bxe5 Nxd7 24. Bxg7 Kxg7 25. Qxd7 Rab8 26. Nbd2 Rxb2 27.
Nc4 Qb5 28. Qf5 $16) 23... Rab8 24. Qc6 g4 $2 {the decisive mistake,after this
move the game is actually over,it was necessary to take on "d7"} (24... Nxd7
25. Qxd7 Rxb2 (25... Qb5 26. Qxb5 Rxb5 27. Nc4 $16 {/+-})) (24... Rb6 25. Nc4
Rxc6 26. Nxa5 Rb6 27. Bf5 $16) 25. Nc4 Qb4 26. Nfd2 $18 {the "e5" pawn or the
"g4" are lost and with one of them the game two} Qb5 (26... Nxd7 27. Qxd7 h5
28. Qf5) 27. Qxb5 axb5 28. Nxe5 Rb6 29. Bf5 Ra8 30. Nb3 {no further
annotations are needed the rest is simple} Bf8 31. Nxg4 Nxg4 32. Bxg4 Ra4 33.
Rc1 Rb4 34. Bd1 c4 35. dxc4 bxc4 36. Nxd4 Rxb2 37. Kf1 Rd2 38. Nf3 Ra2 39. Be5
1-0

[Event "RUS-ch51"]
[Site "St Petersburg"]
[Date "1998.08.05"]
[Round "9"]
[White "Motylev, Alexander"]
[Black "Grischuk, Alexander"]
[Result "0-1"]
[WhiteElo "2465"]
[BlackElo "2490"]
[Annotator "Har Zvi,R"]
[PlyCount "58"]
[EventDate "1998.07.28"]
[EventType "swiss"]
[EventRounds "11"]
[EventCountry "RUS"]
[SourceTitle "CBM 067"]
[Source "ChessBase"]
[SourceDate "1998.11.30"]
[SourceVersion "2"]
[SourceVersionDate "1998.11.01"]
[SourceQuality "1"]

1. e4 c5 2. Nf3 Nc6 3. Bb5 d6 4. O-O Bd7 5. Re1 Nf6 6. h3 a6 7. Bf1 e5 (7... e6
8. c3 Be7 (8... d5 9. exd5 Nxd5 10. d4) 9. d4 e5 (9... cxd4 10. cxd4 d5 11. e5
(11. exd5 Nxd5) 11... Ne4 12. Nbd2 Nxd2 13. Bxd2 Qb6 14. Bc3 O-O 15. Qd2 a5 16.
a4 Nb4 17. Nh2 Rfc8 18. Qd1 Qd8 19. Re3 $36 {1-0 Kekov,A-Isupov,V/RUS-chT 1994/
EXP 45 (36)}) 10. d5 Na7 11. a4 O-O 12. a5 Kh8 13. Nxe5 dxe5 14. d6 Be6 15.
dxe7 Qxe7 16. Na3 Nc6 17. Nc4 Rad8 18. Qa4 Rg8 19. Ne3 g5 {[#]} 20. g3 Qc7 21.
Kh2 Ne7 22. Bc4 $16 {1-0 Kveinys,A-Maiwald,J/Bonn GSK 1995/CBM 45/[Von Gleich]
(29)}) 8. c3 Be7 9. d4 Qc7 (9... cxd4 10. cxd4 exd4 11. Nxd4 d5 12. exd5 Nxd5
13. Bg5 O-O 14. Nxc6 Bxc6 15. Bxe7 Nxe7 16. Qxd8 Raxd8 17. Rxe7 Rd1 18. a4 Rfd8
19. Re3 Rc1 20. Rc3 Re1 21. Re3 Rc1 22. Rc3 {1/2-1/2 Westerinen,H-Ernst,T/
Troll Masters 1990/EXP 16}) (9... h6 10. a4 O-O 11. Na3 cxd4 12. cxd4 exd4 13.
Nxd4 Re8 14. Nf3 Bf8 15. Bc4 Be6 $36 {0-1 Kozel,R-Michalski,O/Polanica Zdroj
op 1996/EXT 97 (97)}) 10. a4 (10. dxe5 $5 Nxe5 (10... dxe5 11. a4 {[%cal Gb1a3,
Ga3c4]} Na5 $11) 11. Nxe5 dxe5 12. c4 $1 $14 {[%cal Gb1c3]}) 10... O-O 11. Na3
$6 {normally before you play this Na3-Nc4 you must first takr on "e5" to avoid
exactely what black played...taking on "d4" when the knight on "a3" is
immediately misplaced} (11. dxe5 $5 dxe5 12. Na3 Na5) 11... cxd4 $1 12. cxd4
exd4 13. Bf4 {in the next few moves white does even think about takinf the
"d4" pawn until it becomes impossible to take it back!} (13. Nxd4 d5 14. exd5
Nxd5 $13 {[%csl Ra3]}) 13... Rfe8 14. Rc1 (14. Nxd4 Bf8 15. f3 Nh5 $5 16. Be3
d5 $1 17. exd5 (17. Nxc6 Bxc6 18. exd5 Rxe3 19. Rxe3 Bc5 20. Nc4 Rd8 21. b4
Bxe3+ 22. Nxe3 Qb6 23. Qe1 Rxd5 $132 {/|^}) 17... Rxe3 18. Rxe3 (18. dxc6 Rxe1
19. Qxe1 Bc5 $17) 18... Nxd4 19. Qxd4 Bc5 20. Qc3 Bxh3 $1 $36 (20... Nf4 21.
Rc1 Nxd5 22. Qxc5 Qxc5 23. Rxc5 Nxe3 $11)) 14... Bf8 15. Bd3 {[%cal Gh2b8,
Gc1c8]} (15. Nxd4 Nxe4 $15 {/-/+ white has small compensation for the pawn but
not too much}) 15... Qd8 $1 {[%cal Gd6d5] an excellent move,getting the Queen
out from both pins along the "c" file and the b8-h2 diagonal and make it
possible for black to play "d5" when he wants} 16. Bb1 (16. Nc2 Qb6 17. Bg5 (
17. b4 Nxb4) 17... Be7 18. b4 Nxb4) 16... d5 17. e5 Ne4 18. Nc2 (18. Bxe4 dxe4
19. Rxe4 Bf5 $15 {[%csl Gd4,Gf5,Gf8] /-/+}) 18... Qb6 19. Ncxd4 Bc5 20. Be3 $2
{white was not willing to except being slightly worse and decides to play
complicated,the results of this we see very quickly,it happans many times and
in many times the result is the same a quick loss} (20. Bxe4 dxe4 21. Rxe4 Rad8
22. Be3 (22. Bg5 $6 Nxd4 $1 23. Nxd4 Bc6 24. Bxd8 (24. a5 Qxb2 (24... Bxd4 25.
axb6 Bxf2+ 26. Kxf2 Rxd1 27. Rxd1 Bxe4 $15) 25. Rxc5 Bxe4 26. Bxd8 Rxd8 $17)
24... Rxd8 25. Rxc5 Qxc5 $17) 22... Bf5 23. Rf4 Bg6 24. Qb3 Qxb3 25. Nxb3 Bxe3
26. fxe3 Nxe5 27. Nxe5 Rxe5 28. Kf2 $15 {here white has not bad chances to
defend his position,but insted he want for complications and here the results})
20... Nxe5 21. Rxc5 $2 (21. Nxe5 Rxe5 22. Nf3 Bxe3 23. fxe3 Ree8 24. Qxd5 Nf6
25. Qd4 Qxd4 26. exd4 Bxa4 $17) 21... Nxc5 (21... Qxc5 22. Nxe5 Rxe5 23. Nf3)
22. Nxe5 Rxe5 23. Nf3 Rxe3 (23... Bxa4 24. Qd4 (24. Bxh7+)) 24. Rxe3 (24. fxe3
$142 $17) 24... Qxb2 $19 25. Ng5 h6 26. Bh7+ Kh8 27. Qh5 Qf6 28. Re5 Ne6 29.
Rf5 Qa1+ 0-1

[Event "Albert m"]
[Site "Albert"]
[Date "1996.??.??"]
[Round "1"]
[White "Smyslov, Vassily V"]
[Black "Bacrot, Etienne"]
[Result "1/2-1/2"]
[WhiteElo "2510"]
[BlackElo "2470"]
[Annotator "Har Zvi,R"]
[PlyCount "65"]
[EventDate "1996.09.05"]
[EventType "match"]
[EventRounds "6"]
[EventCountry "FRA"]
[SourceTitle "CBM 056"]
[Source "ChessBase"]
[SourceDate "1997.02.01"]
[SourceVersion "1"]
[SourceVersionDate "1997.02.01"]
[SourceQuality "1"]

1. e4 c5 2. Nc3 Nc6 3. Nf3 d6 4. Bb5 Bd7 5. O-O Nf6 6. Re1 e6 (6... e5 7. a4 g6
8. d3 Bg7 9. Nd2 O-O 10. Nf1 Nh5 11. Nd5 Nd4 12. Bc4 Kh8 13. c3 Ne6 14. a5 Qh4
15. Be3 f5 $36 {Pribyl,M-Pelletier,Y Altensteig-J 1994}) 7. Bxc6 (7. d4 cxd4 8.
Nxd4 Be7 9. Bf1 (9. Nf3 a6 10. Bf1 Qc7 11. Bf4 Ng4 12. a4 O-O $13 {Westerinen,
H-Yrjola,J Nordic zt 1992}) 9... O-O 10. a4 a6 11. Nb3 b6 12. g4 Bc8 13. Bg2
Rb8 14. g5 Nd7 15. f4 $132 {Gurevich,I-Ashley,M New York Marshall/Enhance 1994}
) 7... Bxc6 8. d4 cxd4 9. Nxd4 Be7 10. Bg5 (10. Qf3 O-O 11. Qg3 Kh8 12. Bg5 Qb6
13. Nb3 Qc7 14. Rad1 Rad8 15. Rd3 Ne8 16. Red1 Bxg5 17. Qxg5 Nf6 $10 {
Yegiazarian,O-Akopian,V Erevan Petrosian mem 1994}) 10... O-O 11. Qd3 h6 12.
Bh4 Qb6 13. Nxc6 bxc6 14. b3 Qb4 15. a3 Qb7 16. Na4 Rfd8 17. c4 c5 18. Rab1 Ng4
$1 19. Bxe7 Qxe7 20. Qg3 Ne5 (20... Nf6 $6 21. e5 dxe5 22. Qxe5 $14) 21. Nxc5
$10 Nxc4 22. Nxe6 Qxe6 23. bxc4 Rac8 24. Qe3 Rxc4 25. Qxa7 Rxe4 26. Rxe4 Qxe4
27. Qb7 d5 28. h3 Qa4 29. Qc7 Rf8 30. Qd6 d4 31. Rb7 Qa5 32. Kh2 Rd8 33. Qe7
1/2-1/2